Guess the Conan Gray song with no hints ~6 - Statistics

General Stats
  • This quiz has been taken 263 times
  • The average score is 251 of 324
Answer Stats
Answer % Correct
I
100%
a
96%
You
96%
you
96%
the
93%
me
91%
we
90%
your
90%
love
88%
to
88%
when
87%
When
87%
an
86%
be
86%
do
85%
in
85%
In
85%
it
85%
my
85%
that
85%
you're
85%
You're
85%
and
84%
no
84%
just
83%
So
83%
for
80%
hear
80%
It's
80%
it's
80%
But
79%
but
79%
I'm
79%
would
79%
all
78%
can't
78%
don't
78%
at
77%
is
77%
memories
77%
say
77%
stay
77%
too
77%
Too
77%
wish
77%
not
76%
than
75%
with
75%
look
74%
Now
74%
up
74%
could
73%
friend
73%
make
72%
ruin
72%
see
72%
wanna
72%
cause
71%
lover
71%
things
71%
time
71%
ever
70%
kitchen
70%
show
70%
this
70%
back
69%
been
69%
crying
69%
drunk
69%
from
69%
get
69%
other
69%
past
69%
position
69%
put
69%
reason
69%
stop
69%
today
69%
traumatized
69%
couple
68%
each
68%
eyes
68%
good
68%
hard
68%
hold
68%
letting
68%
over
68%
playin'
68%
victim
68%
about
67%
busy
67%
end
67%
falling
67%
listening
67%
pictures
67%
please
67%
Please
67%
that's
67%
again
66%
always
66%
door
66%
enough
66%
harder
66%
night
66%
somebody
66%
tonight
66%
trying
66%
turn
66%
already
65%
away
65%
haven't
65%
smile
65%
talk
65%
while
65%
brown
64%
curled
64%
fetal
64%
here
64%
kinda
64%
there's
64%
entrance
63%
felt
63%
late
63%
open
63%
something
63%
ending
62%
exist
62%
goodbye
62%
same
62%
whole
62%
(One
61%
pouring
61%
promise
61%
ringing
61%
believing
60%
find
60%
stays
60%
Bell
59%
dog
59%
if
59%
two)
58%
wet
57%
playing
52%
I've
38%
begining
25%
mounths
13%
yokeepu
0%
No matching quizzes found
Score Distribution
Percent of People with Each Score
Percentile by Number Answered
Your Score History
You have not taken this quiz